000 00572nam a2200205 a 4500
001 18904
003 CO-ViMGA
008 141112s2004 ck r 000 u spa d
020 _a8423994864
040 _aCO-ViMGA
_bspa
_cCO-ViMGA
082 0 4 _aA863.6 B674f
100 1 _aBorges, Jorge Luis
_92860
245 1 0 _aFicciones
260 _aMadrid :
_bEspasa Calpe; 1999
300 _a156 p.
490 0 _aNarrativa del siglo XX en lengua castellana
590 _aForma de adquisición : Proyecto 2005 - - Precio :
_ 10.800
650 1 4 _aCUENTOS ARGENTINOS
942 _2ddc
_cBK
999 _c9727
_d9727